| 000 | 02511pam a2200493 a 4500 | ||
|---|---|---|---|
| 001 | BAD2010054522 | ||
| 003 | DLC | ||
| 005 | 20240319213238.0 | ||
| 008 | 110201t20112011txua b 000 1 eng | ||
| 010 | _a2010054522 | ||
| 020 | _a9781558856981 | ||
| 040 |
_aDLC _beng _cDLC _dDLC _dMnBnMLM |
||
| 041 | 0 |
_aeng _aspa |
|
| 042 |
_alcac _apcc |
||
| 050 | 0 | 0 |
_aPZ7.O765 _bBai 2011 |
| 082 | 0 | 4 |
_a[E] _223 |
| 100 | 1 |
_aCofer, Judith Ortiz, _d1952- _0https://id.loc.gov/authorities/names/n87943894. |
|
| 245 | 1 | 2 |
_aA bailar! / _bLet's dance! _cpor Judith Ortiz Cofer ; ilustraciones de Christina Ann Rodriguez = Let's dance! / by Judith Ortiz Cofer ; illustrations by Christina Ann Rodriguez. |
| 246 | 3 | 1 | _aLet's dance! |
| 246 | 3 | _aLet us dance! | |
| 260 |
_aHouston, Tex. : _bPinata Books/Arte Publico Press, _c[2011] |
||
| 264 | 1 |
_aHouston, Tex. : _bPinata Books/Arte Publico Press, _c[2011] |
|
| 264 | 4 | _c℗♭2011. | |
| 300 |
_a32 unnumbered pages : _bcolor illustrations ; _c23 x 29 cm. |
||
| 336 |
_atext _btxt _2rdacontent. |
||
| 337 |
_aunmediated _bn _2rdamedia. |
||
| 338 |
_avolume _bnc _2rdacarrier. |
||
| 385 |
_nage _aChildren _2lcdgt. |
||
| 510 | 3 |
_aSchool Library Journal, _b11/2011. |
|
| 520 | _aA mother and daughter find and spread joy though their community by salsa dancing. | ||
| 520 | _aA young girl and her mother put on their red dresses and dance their way through the barrio, collecting friends and neighbors along the way as they go to the park to hear her father's salsa band play. | ||
| 521 | 0 | _a3.3. | |
| 521 | 2 | _aPS-3. | |
| 526 | 0 |
_aAccelerated Reader AR-ATOS _bLG _c3.3 _d0.5 _z147135. |
|
| 546 | _aIn English with some Spanish. | ||
| 650 | 0 |
_aDance _vJuvenile fiction. _0https://id.loc.gov/authorities/subjects/sh2009122820. |
|
| 650 | 0 |
_aSalsa (Music) _0https://id.loc.gov/authorities/subjects/sh85116847 _vJuvenile fiction. _0https://id.loc.gov/authorities/subjects/sh99001687. |
|
| 650 | 0 |
_aHispanic Americans _vJuvenile fiction. _0https://id.loc.gov/authorities/subjects/sh2008121646. |
|
| 650 | 0 |
_aBands (Music) _0https://id.loc.gov/authorities/subjects/sh85011499 _vJuvenile fiction. _0https://id.loc.gov/authorities/subjects/sh99001687. |
|
| 655 | 7 |
_aFiction. _2lcgft _0https://id.loc.gov/authorities/genreForms/gf2014026339. |
|
| 700 | 1 |
_aRodriguez, Christina, _d1981- _0https://id.loc.gov/authorities/names/n2005024027 _eillustrator. |
|
| 856 | 4 | 2 |
_3View cover image provided by Mackin _uhttp://www.mackin.com/BookPics/Book.aspx?isbn=9781558856981 |
| 942 |
_cBK _2ddc |
||
| 999 |
_c29402 _d29400 |
||